[Event "Pyramiden Franken Cup 4th"]
[Site "Fuerth"]
[Date "2001.08.23"]
[Round "6"]
[White "Lobron, Eric"]
[Black "Hector, Jonny"]
[Result "1-0"]
[WhiteElo "2524"]
[BlackElo "2552"]
[PlyCount "47"]
[EventDate "2001.08.18"]
[EventType "swiss"]
[EventRounds "9"]
[EventCountry "GER"]
[SourceTitle "EXT 2002"]
[Source "ChessBase"]
[SourceDate "2001.11.25"]
[SourceVersion "1"]
[SourceVersionDate "2001.11.25"]
[SourceQuality "1"]

1. Nf3 d5 2. g3 Bg4 3. Bg2 Nd7 4. O-O e5 5. d4 ({RR} 5. c4 dxc4 6. Qa4 Bd6 7. Na3 Ngf6 8. Nxc4 O-O 9. h3 Be6 10. d3 Nb6 11. Qc2 Nxc4 12. dxc4 Qe7 13. Ng5 Bc8 14. Be3 Bc5 15. Qc3 a5 16. a3 a4 17. Rfd1 c6 18. Bxc5 Qxc5 19. Qb4 Qxb4 {Nakamura,H (2775)-Adams,M (2745) London 2014 ½-½ (84)}) ({RR} 5. h3 Bxf3 6. Bxf3 Ngf6 7. d3 c6 8. e4 dxe4 9. dxe4 Bc5 10. Qe2 Qe7 11. a4 a5 12. Kg2 O-O 13. h4 Rfd8 14. h5 h6 15. Nd2 Nf8 16. Nc4 Ne6 17. c3 Ng5 18. Rh1 Qe6 19. b3 Nxf3 {Risteski,E (2354)-Ashraf,A (2407) chess.com INT 2025 0-1 (62)}) ({RR} 5. d3 Bd6 6. e4 dxe4 7. dxe4 Ne7 8. Nbd2 Nc6 9. Nc4 Bc5 10. Ne3 h5 11. c3 a5 12. Qa4 Be6 13. Nf5 Bf8 14. Rd1 g6 15. Ne3 h4 16. Nd5 hxg3 17. Bg5 gxf2+ 18. Kh1 Qb8 19. Nf6+ Nxf6 {Olsen,P (2240)-Hector,J (2470) Copenhagen 1997 0-1 (36)}) 5... e4 6. Ne5 Nxe5 7. dxe5 Bc5 $146 ({RR} 7... c6 8. c4 dxc4 9. Qc2 Be6 10. Nc3 Qa5 11. Nxe4 Qxe5 12. Bf4 Qf5 13. Rad1 Nh6 14. Bxh6 gxh6 15. Qc3 f6 16. Nxf6+ Kf7 17. Nh5 Rg8 18. Nf4 Be7 19. e4 Qg4 20. h3 Qg5 21. Nxe6 Kxe6 22. Qxc4+ {Doluhanova,E (2247)-Charochkina,D (2366) Pushchino 2012 1-0 (48)}) ({RR} 7... Qd7 8. c4 O-O-O 9. cxd5 Qxd5 10. Qc2 Qxe5 11. Bf4 Qe7 12. Rc1 Rd7 13. Nc3 Nf6 14. Nb5 Nd5 15. Nxa7+ Kd8 16. Bxe4 Nxf4 17. gxf4 Qb4 18. a4 Bd6 19. a5 Bxf4 20. a6 Bxc1 21. axb7 Rd6 22. Rxc1 {Landa,K (2623)-Kuipers,S (2399) Vlissingen 2017 1-0}) 8. c4 c6 9. cxd5 cxd5 10. Nc3 Be6 11. Qa4+ Kf8 12. Rd1 Qb6 13. Nxd5 Bxd5 14. Rxd5 Bxf2+ 15. Kh1 Ne7 16. Rd7 Qc6 17. Qxc6 Nxc6 18. Bxe4 Nxe5 19. Rxb7 Re8 20. Bf4 f6 21. Rf1 Bd4 22. Rd1 Bb6 23. Bxe5 Rxe5 24. Bc6 1-0

[Event "Moscow Lightning"]
[Site "Moscow"]
[Date "2001.09.02"]
[Round "?"]
[White "Morozevich, Alexander"]
[Black "Lastin, Alexander"]
[Result "1-0"]
[WhiteElo "2749"]
[BlackElo "2628"]
[PlyCount "63"]
[EventDate "2001.09.02"]
[EventType "tourn (blitz)"]
[EventRounds "19"]
[EventCountry "RUS"]
[SourceTitle "CBM 084 Extra"]
[Source "ChessBase"]
[SourceDate "2001.10.26"]
[SourceVersion "1"]
[SourceVersionDate "2001.10.26"]
[SourceQuality "1"]

1. e4 e6 2. d3 c5 3. g3 Nc6 4. Bg2 g6 5. Nf3 Bg7 6. O-O Nge7 7. c3 d5 8. Qe2 b6 9. Na3 Ba6 10. e5 h6 11. h4 Qc7 12. Re1 O-O-O 13. Rb1 g5 14. hxg5 Ng6 15. gxh6 Bxe5 $146 ({RR} 15... Bxh6 16. b4 Bxc1 17. Rbxc1 Nce7 18. bxc5 Qxc5 19. Nc2 Kb8 20. Nb4 Bb7 21. d4 Qa5 22. Ng5 Rdf8 23. Qc2 Rh5 24. Qd2 Qb5 25. Bf3 Rhh8 26. Nd3 Ba6 27. Red1 Qd7 28. Nf4 f6 29. exf6 Rxf6 30. Ng2 {Chelushkina,I (2290)-Manakova,M (2290) Vrnjacka Banja 1996 0-1 (38)}) 16. b4 Bxc3 17. b5 Bxe1 18. Qxe1 Bb7 19. bxc6 Bxc6 20. d4 c4 21. Nb5 Bxb5 22. Rxb5 Qc6 23. Rb1 Kb7 24. Ne5 Nxe5 25. Qxe5 Qa4 26. Bg5 Qxa2 27. Re1 Rc8 28. Qg7 Rhf8 29. Rxe6 c3 30. Re7+ Ka8 31. Rxf7 Rfe8 32. Bxd5+ 1-0

[Event "CHN-RUS Summit Men 1st"]
[Site "Shanghai"]
[Date "2001.09.12"]
[Round "6"]
[White "Zhang, Zhong"]
[Black "Rublevsky, Sergei"]
[Result "1-0"]
[WhiteElo "2667"]
[BlackElo "2639"]
[PlyCount "79"]
[EventDate "2001.09.07"]
[EventType "schev"]
[EventRounds "6"]
[EventCountry "CHN"]
[SourceTitle "CBM 085"]
[Source "ChessBase"]
[SourceDate "2001.11.13"]
[SourceVersion "1"]
[SourceVersionDate "2001.11.13"]
[SourceQuality "1"]

1. e4 c5 2. Nf3 e6 3. d3 Nc6 4. g3 Nge7 5. Bg2 g6 6. c3 Bg7 7. O-O O-O 8. d4 d5 9. exd5 Nxd5 10. dxc5 Qe7 11. Nbd2 Qxc5 12. Ne4 Qa5 13. Bg5 h6 14. Bd2 Qc7 15. c4 Nde7 16. Nc3 b6 $146 ({RR} 16... e5 17. Qc1 Kh7 18. Nd5 Qd6 19. Bc3 Bg4 20. Qe3 Nxd5 21. cxd5 Bxf3 22. Qxf3 Nd4 23. Qd3 f5 24. Rad1 Rad8 25. Qd2 f4 26. Be4 Rf7 27. Rfe1 fxg3 28. hxg3 Nf3+ 29. Bxf3 Rxf3 30. Re3 Rf7 31. Qe1 {Zhang,Z (2624)-Cmilyte,V (2452) Wijk aan Zee 2003 1-0 (43)}) ({RR} 16... a6 17. Re1 Rd8 18. Qc1 Kh7 19. Qc2 Nb4 20. Qb3 Nd3 21. Red1 Nf5 22. Ne4 b5 23. cxb5 Bb7 24. b6 Qb8 25. Bxh6 Bxh6 26. Neg5+ Kg8 27. Rxd3 Bd5 28. Rxd5 exd5 29. Rd1 Ne7 30. h4 Rd6 31. Ne5 {Zhang,Z (2639)-Rublevsky,S (2655) Poikovsky 2004 0-1 (84)}) 17. Qe2 Nf5 18. Nb5 Qe7 19. Ne5 Nxe5 20. Bxa8 Bb7 21. Bxb7 Qxb7 22. f4 Nc6 23. Bc3 Ncd4 24. Nxd4 Nxd4 25. Qf2 Qe4 26. Rae1 Qd3 27. Kg2 Qxc4 28. Bxd4 Bxd4 29. Qd2 Rd8 30. b3 Qc6+ 31. Rf3 Rd5 32. Qe2 g5 33. Qe4 g4 34. Rd3 Qd6 35. Kf1 Kg7 36. Red1 f5 37. Qe2 Qc6 38. Rxd4 Rxd4 39. Qe5+ Kg6 40. Qxd4 1-0

[Event "EU-Cup 17th"]
[Site "Panormo"]
[Date "2001.09.27"]
[Round "5.5"]
[White "Krasenkow, Michal"]
[Black "Kindermann, Stefan"]
[Result "1-0"]
[WhiteElo "2573"]
[BlackElo "2520"]
[PlyCount "45"]
[EventDate "2001.09.22"]
[EventType "team-swiss"]
[EventRounds "7"]
[EventCountry "GRE"]
[SourceTitle "CBM 084 Extra"]
[Source "ChessBase"]
[SourceDate "2001.10.26"]
[SourceVersion "1"]
[SourceVersionDate "2001.10.26"]
[SourceQuality "1"]
[WhiteTeam "Warsaw Polonia"]
[BlackTeam "Graz Merkur"]
[WhiteTeamCountry "POL"]
[BlackTeamCountry "AUT"]

1. Nf3 f5 2. d3 d6 3. e4 e5 4. Nc3 Nc6 5. exf5 Bxf5 6. d4 Nb4 7. Bb5+ c6 8. Ba4 e4 9. Ng5 d5 10. f3 $146 ({RR} 10. a3 Na6 11. f3 Nf6 12. fxe4 dxe4 13. O-O Qd7 14. Bb3 Nd5 15. Ncxe4 O-O-O 16. Qf3 g6 17. Ng3 h6 18. Nxf5 hxg5 19. Bxg5 gxf5 20. Bxd8 Qxd8 21. Qxf5+ Kb8 22. Bxd5 cxd5 23. c3 Bd6 24. g3 Nc7 {Kojima,S (2356)-Ilincic,Z (2434) Kecskemet 2014 1-0 (62)}) 10... exf3 11. O-O Nf6 12. a3 Na6 13. Qxf3 Bg4 14. Qd3 Qd7 15. h3 Bh5 16. Re1+ Be7 17. Ne6 Kf7 18. Nxd5 Nxd5 19. Qf5+ Nf6 20. Bb3 Bg6 21. Nxg7+ Kf8 22. Qxd7 Nxd7 23. Bh6 1-0

[Event "EU-Cup 17th"]
[Site "Panormo"]
[Date "2001.09.28"]
[Round "6.1"]
[White "Azmaiparashvili, Zurab"]
[Black "Hracek, Zbynek"]
[Result "1-0"]
[WhiteElo "2674"]
[BlackElo "2610"]
[PlyCount "89"]
[EventDate "2001.09.22"]
[EventType "team-swiss"]
[EventRounds "7"]
[EventCountry "GRE"]
[SourceTitle "CBM 084 Extra"]
[Source "ChessBase"]
[SourceDate "2001.10.26"]
[SourceVersion "1"]
[SourceVersionDate "2001.10.26"]
[SourceQuality "1"]
[WhiteTeam "Kiseljak"]
[BlackTeam "Werder Bremen"]
[WhiteTeamCountry "BIH"]
[BlackTeamCountry "GER"]

1. g3 d5 2. Bg2 c6 3. Nf3 Nf6 4. O-O Bg4 5. d3 Nbd7 6. h3 Bh5 7. Qe1 e5 8. e4 dxe4 9. dxe4 Qc7 10. a4 ({RR} 10. Nh4 O-O-O 11. Be3 Nc5 12. Nd2 Ne6 13. c3 g5 14. Nf5 Bg6 15. a4 Kb8 16. Nc4 h6 17. b4 Rg8 18. a5 c5 19. b5 Bxf5 20. exf5 Nf4 21. b6 Qe7 22. a6 Nxg2 23. Qb1 Nd5 24. bxa7+ Ka8 {Maltsevskaya,A (2374)-Vujovic,V (2175) Belgrade SRB 2024 1-0}) 10... Be7 11. Nh4 O-O 12. Nf5 Bd8 $146 ({RR} 12... Nc5 13. Nd2 Rfe8 14. Nc4 Bf8 15. Bd2 Nfd7 16. Bb4 Rad8 17. Qe3 f6 18. Qc3 Kh8 19. a5 b5 20. axb6 axb6 21. Nxb6 Qxb6 22. Ba5 Qb7 23. Bxd8 Rxd8 24. g4 Bg6 25. Rfd1 Rb8 26. b3 Ne6 27. Qc4 {Bivol,A (2362)-Rodriguez Rueda,P (2321) Bhubaneswar 2016 ½-½ (53)}) 13. b3 Bg6 14. Ba3 Re8 15. Bd6 Qc8 16. Na3 Bxf5 17. exf5 Bc7 18. Bxc7 Qxc7 19. Rd1 Rad8 20. Qe3 Nb6 21. Rxd8 Rxd8 22. a5 Nc8 23. Nc4 Re8 24. Re1 e4 25. g4 b5 26. axb6 Nxb6 27. Nxb6 axb6 28. g5 Nd7 29. Qg3 Qxg3 30. fxg3 Re5 31. g4 f6 32. h4 Kf7 33. Kf2 Rc5 34. Bxe4 Ne5 35. Kg3 h6 36. Kf4 Ra5 37. Rd1 Ke7 38. gxf6+ gxf6 39. g5 hxg5+ 40. hxg5 fxg5+ 41. Kxg5 Rc5 42. Re1 Kf7 43. Ra1 Ra5 44. Rh1 Kg7 45. Kf4 1-0

[Event "WchT 5th"]
[Site "Yerevan"]
[Date "2001.10.14"]
[Round "3.3"]
[White "Arencibia Rodriguez, Walter"]
[Black "Ruck, Robert"]
[Result "1-0"]
[WhiteElo "2533"]
[BlackElo "2582"]
[PlyCount "95"]
[EventDate "2001.10.12"]
[EventType "team-tourn"]
[EventRounds "9"]
[EventCountry "ARM"]
[SourceTitle "CBM 086"]
[Source "ChessBase"]
[SourceDate "2002.02.05"]
[SourceVersion "1"]
[SourceVersionDate "2002.02.05"]
[SourceQuality "1"]
[WhiteTeam "Cuba"]
[BlackTeam "Hungary"]
[WhiteTeamCountry "CUB"]
[BlackTeamCountry "HUN"]

1. b3 d5 2. Bb2 Bg4 3. g3 Nd7 4. Bg2 c6 5. Nf3 Ngf6 6. d3 e6 7. Nbd2 Be7 8. O-O O-O 9. h3 Bh5 10. e4 a5 11. a4 Ne8 ({RR} 11... Bb4 12. e5 Ne8 13. Qe2 Nc7 14. c3 Be7 15. d4 b5 16. axb5 cxb5 17. g4 Bg6 18. Ne1 a4 19. f4 f5 20. b4 Nb6 21. g5 Nc4 22. Nxc4 bxc4 23. Nc2 h6 24. h4 hxg5 25. hxg5 Kf7 26. Kf2 {Jamieson,R (2445)-Rogers,I (2570) Noumea 1995 ½-½ (35)}) ({RR} 11... h6 12. Qe2 Qb6 13. g4 Bg6 14. e5 Ne8 15. Kh1 Nc7 16. Nh2 Na6 17. f4 f6 18. exf6 Bxf6 19. Qxe6+ Rf7 20. Bxf6 Nxf6 21. g5 Re8 22. Qd6 hxg5 23. fxg5 Nh5 24. Ng4 Bf5 25. g6 Rff8 26. Rae1 {Kulon,K (2327)-Dimitrijevic,A (1854) chess.com INT 2024 1-0 (42)}) 12. Qe1 $146 ({RR} 12. Qe2 Nc7 13. e5 f5 14. Ba3 b5 15. Bxe7 Qxe7 16. Qe3 Bxf3 17. Nxf3 Qb4 18. Nd4 Ra6 19. c4 bxc4 20. bxc4 Rb8 21. Rfc1 Qb2 22. Kh1 h6 23. f4 Rb4 24. Qg1 c5 25. Nb5 Rc6 26. Qd1 Nb6 {Ledger,A (2225)-Wells,P (2400) Plymouth 1989 1-0}) ({RR} 12. Qe2 Nc7 13. g4 Bg6 14. Nd4 Bc5 15. Kh1 e5 16. Nf5 Re8 17. Qf3 Bb4 18. Rfd1 d4 19. Nf1 Ne6 20. N1g3 Nf4 21. Bc1 Nxg2 22. Qxg2 Nf8 {½-½ (22) Zichichi,A (2320)-Szilagyi,G (2380) Eksjo 1976}) 12... Nc7 13. Nh2 Bg6 14. Qe2 f5 15. f4 Bf6 16. e5 Be7 17. d4 b5 18. c4 Nb6 19. c5 Nd7 20. Ra2 b4 21. Bc1 Kf7 22. Ndf3 Ke8 23. Kh1 Rh8 24. Be3 Nf8 25. Rg1 Kd7 26. Bf1 Kc8 27. Qd1 Ne8 28. Bd3 Ra7 29. g4 Qd7 30. Nf1 Bd8 31. Ng3 Qf7 32. Rh2 fxg4 33. hxg4 Bxd3 34. Qxd3 g6 35. Rh6 Ng7 36. Rf1 Qb7 37. f5 exf5 38. gxf5 Qa6 39. Qxa6+ Rxa6 40. Ng5 Bxg5 41. Bxg5 gxf5 42. Nxf5 Nxf5 43. Rxf5 Rg8 44. e6 Ra8 45. e7 Ng6 46. Rxh7 Kd7 47. e8=Q+ Kxe8 48. Rf2 1-0

[Event "Hoogeveen Essent Crown"]
[Site "Hoogeveen"]
[Date "2001.10.18"]
[Round "4"]
[White "Bruzon Batista, Lazaro"]
[Black "Kortschnoj, Viktor Lvovich"]
[Result "1-0"]
[WhiteElo "2573"]
[BlackElo "2639"]
[Annotator "Hecht,Hans Joachim"]
[PlyCount "143"]
[EventDate "2001.10.14"]
[EventType "tourn"]
[EventRounds "6"]
[EventCountry "NED"]
[EventCategory "16"]
[SourceTitle "CBM 086"]
[Source "ChessBase"]
[SourceDate "2002.02.05"]
[SourceVersion "1"]
[SourceVersionDate "2002.02.05"]
[SourceQuality "1"]

1. e4 {Dolmatov,Sergey} e6 2. d3 d5 3. Nd2 Nf6 4. Ngf3 Be7 5. g3 b5 6. Bg2 Bb7 7. O-O b4 $146 ({RR} 7... O-O 8. Qe2 c5 9. Re1 Nc6 10. c3 ({RR} 10. e5 Nd7 11. Nf1) 10... a5 11. exd5 ({RR} 11. e5 Nd7 12. Nf1 b4 13. h4 a4 14. a3) 11... exd5 ({RR} 11... Nxd5 12. Ne4 h6) 12. d4 ({RR} 12. Nf1 Re8 13. Bg5) 12... Qb6 13. dxc5 ({RR} 13. Nb3 c4 14. Nc5 Bxc5 15. dxc5 Qxc5 16. Be3 Qd6 17. Nd4 Nxd4 18. Bxd4) 13... Bxc5 14. Nb3 Rfe8 15. Qc2 ({RR} 15. Qf1 b4) 15... d4 16. Qf5 ({RR} 16. Nxc5 Qxc5 17. Bg5 Nd5 18. Rxe8+ Rxe8 19. Rc1 dxc3 20. bxc3) ({RR} 16. Rxe8+ Rxe8 17. cxd4 Nxd4 18. Nbxd4 ({RR} 18. Qxc5 Nxf3+ 19. Bxf3 Re1+ 20. Kg2 Bxf3+ 21. Kxf3 Qb7+) 18... Bxd4 19. Bf4) 16... Rxe1+ 17. Nxe1 Re8 18. Nf3 ({RR} 18. Bg5 Re5) ({RR} 18. Bf4 Bf8 19. Nxd4 Nxd4 20. cxd4 Bxg2 21. Nxg2 Qxd4 22. Qxb5) 18... Bd6 19. Bg5 ({RR} 19. Nbxd4 Nxd4 20. cxd4 Be4 21. Qg5 Qb7) 19... Ne4 ({RR} 19... dxc3 20. Bxf6 gxf6 21. Qxf6 Re6 22. Qxc3 b4) 20. Re1 ({RR} 20. Nbxd4 Nxd4 21. Nxd4 ({RR} 21. cxd4 g6 22. Qd7 Bc6 23. Qh3) 21... Re5 ({RR} 21... Bc8 22. Qxb5 Qxb5 23. Nxb5) 22. Qd7) 20... Ne7 21. Bxe7 ({RR} 21. Qd7 Bc6) 21... g6 22. Qh3 {Bilek,I-Tal,M Moscow 1967 MCL [Dolmatov,Sergey] 0-1}) ({RR} 7... O-O 8. a4 a6 9. Re1 c5 10. exd5 Nxd5 11. Ne4 Nc6 12. Bg5 f6 13. Bd2 Re8 14. c3 Bf8 15. Qb3 Na5 16. Qc2 c4 17. dxc4 Nxc4 18. Rad1 Nxd2 19. Rxd2 Qb6 20. Rde2 Rac8 21. axb5 axb5 22. Qb3 {Fressinet,L (2588)-Smeets,J (2552) Skopje MKD 2024 1-0}) ({RR} 7... O-O 8. e5 Nfd7 9. Re1 c5 10. c3 Nc6 11. Nf1 Rc8 12. h4 a5 13. N1h2 b4 14. c4 dxc4 15. dxc4 Qc7 16. Bf4 Nd4 17. Nxd4 cxd4 18. b3 Bxg2 19. Kxg2 Rfd8 20. Qf3 Nc5 21. Rad1 a4 22. Ng4 {Swiatlowski,L (2199)-Sivakumar,S (2307) chess.com INT 2024 0-1}) ({RR} 7... O-O 8. Re1 dxe4 9. Ng5 Nbd7 10. dxe4 Ne5 11. Ngf3 Nxf3+ 12. Qxf3 c5 13. Qe2 Qb6 14. b3 Rfd8 15. Bb2 Rd7 16. e5 Ne8 17. Bxb7 Qxb7 18. a4 Rad8 19. Ne4 a6 20. axb5 axb5 21. Ra5 c4 22. bxc4 {Kirillov,V-Zhuravlev,V Riga 1969 1-0 (74)}) 8. e5 Nfd7 9. Re1 c5 10. h4 Nc6 11. Nf1 Qc7 12. Bf4 h6 13. Ne3 Nb6 14. a3 d4 15. Nc4 Nxc4 16. dxc4 O-O-O 17. axb4 cxb4 18. Qd3 Qb6 19. h5 Kb8 20. Nd2 b3 21. Qxb3 Qxb3 22. Nxb3 Nb4 23. Bxb7 Kxb7 24. Re2 g5 25. hxg6 fxg6 26. c3 g5 27. Bd2 d3 28. Re4 Nc2 29. Rc1 Rc8 30. Na1 Nxa1 31. Rxa1 Rhd8 32. b4 Rc6 33. g4 Bf8 34. Kf1 Rdc8 35. c5 Rd8 36. Ke1 Ra6 37. Rxa6 Kxa6 38. c4 Kb7 39. Be3 a5 40. bxa5 Ra8 41. Kd2 Rxa5 42. Kxd3 Ra3+ 43. Ke2 Ra2+ 44. Kf3 Rc2 45. Rd4 Bxc5 46. Rd7+ Kc6 47. Rd8 Rxc4 48. Bxc5 Kxc5 49. Rd6 Rd4 50. Rxe6 Kd5 51. Rxh6 Kxe5 52. Kg3 Rd5 53. Rg6 Ke4 54. Re6+ Re5 55. Rxe5+ Kxe5 { 2-1 Bauern auf einem Flügel} 56. Kf3 $1 (56. f3 $2 Ke6 57. Kf2 Kd6 58. Ke2 Ke6 $11 {Die zugeordneten Felder sind die der Fernoppposition}) 56... Kd4 57. Ke2 Ke4 58. f3+ Kd4 59. Kd2 $1 {Vorentscheidende Opposition, die zu der eine Reihe weiter oben und schließlich zur Umgehung bzw. f4 führt.} Ke5 60. Ke3 Kd5 (60... Kf6 61. Kd4 Ke6 62. Ke4 Kf6 63. Kd5 {Umgehung}) 61. f4 Ke6 (61... gxf4+ 62. Kxf4 Ke6 63. Kg5 Kf7 64. Kh6 Kf8 65. Kh7 $18) 62. fxg5 (62. f5+ Ke5 63. Kd3 Kd5 64. Kc3 (64. Ke2 Kd6 65. Kd2 Kc6 66. Ke3 Kc5 67. Ke4 Kd6 68. Kd4 $18) 64... Kc5 65. Kb3 Kd5 (65... Kb5 66. f6 $18) 66. Kb4 Kd6 (66... Kd4 67. f6 $18) 67. Kc4 Kc6 68. Kd4 Kd6 69. Ke4 Ke7 70. Ke5 Kf7 71. f6 $18) 62... Kf7 63. Ke4 Kg6 (63... Kg7 64. Ke5 Kf7 65. Kf5 Kg7 66. g6 Kh6 67. g7 Kxg7 (67... Kh7 68. Kf6 Kg8 69. g5 Kh7 70. g8=Q+ Kxg8 71. Kg6 $18) 68. Kg5 $18) 64. Kf4 Kh7 65. Kf5 Kg7 66. g6 Kh6 67. g7 Kxg7 68. Kg5 Kh7 69. Kf6 Kh6 70. g5+ Kh7 71. Kf7 Kh8 72. Kg6 $1 (72. Kg6 Kg8 73. Kh6 $1 Kh8 74. g6 $18) 1-0

[Event "Arco op 23rd"]
[Site "Arco"]
[Date "2001.??.??"]
[Round "5"]
[White "Drasko, Milan"]
[Black "Vismara, Daniele"]
[Result "1-0"]
[WhiteElo "2508"]
[BlackElo "2565"]
[PlyCount "45"]
[EventDate "2001.10.17"]
[EventType "swiss"]
[EventRounds "9"]
[EventCountry "ITA"]
[SourceTitle "CBM 085 Extra"]
[Source "ChessBase"]
[SourceDate "2002.01.21"]
[SourceVersion "1"]
[SourceVersionDate "2002.01.21"]
[SourceQuality "1"]

1. Nf3 d5 2. g3 Bg4 3. Bg2 Nd7 4. d3 Ngf6 5. O-O c6 6. Qe1 e5 7. e4 dxe4 8. dxe4 Bc5 9. Nbd2 O-O 10. h3 Bh5 11. a4 a5 12. Nc4 Re8 13. Bd2 b6 14. Nh4 Qc7 15. Kh1 Nf8 16. Bc3 N6d7 17. f4 exf4 18. gxf4 f6 19. Nf5 Ne6 20. e5 fxe5 21. fxe5 Nef8 $146 ({RR} 21... Bg6 22. Ncd6 {1-0 (22) Praggnanandhaa,R (2529)-Kuipers,S (2477) Apeldoorn 2018}) 22. Nxg7 Kxg7 23. Qg3+ 1-0

[Event "AUT-chT 0102"]
[Site "Austria"]
[Date "2002.01.19"]
[Round "7.1"]
[White "Hickl, Joerg"]
[Black "Bischoff, Klaus"]
[Result "1-0"]
[WhiteElo "2600"]
[BlackElo "2541"]
[PlyCount "121"]
[EventDate "2001.10.31"]
[EventType "team-tourn"]
[EventRounds "11"]
[EventCountry "AUT"]
[SourceTitle "EXT 2002"]
[Source "ChessBase"]
[SourceDate "2001.11.25"]
[SourceVersion "1"]
[SourceVersionDate "2001.11.25"]
[SourceQuality "1"]
[WhiteTeam "Hohenems SK"]
[BlackTeam "Klagenfurter SC Die"]
[WhiteTeamCountry "AUT"]
[BlackTeamCountry "AUT"]

1. g3 Nf6 2. Bg2 d5 3. Nf3 c5 4. c4 d4 5. d3 Nc6 6. O-O e5 7. e3 Be7 8. exd4 exd4 9. Bf4 O-O 10. Ne5 Nxe5 11. Bxe5 Bg4 ({RR} 11... Bd6 12. Bxf6 Qxf6 13. Nd2 Rb8 14. Re1 Bf5 15. Be4 Bd7 16. Bd5 Qg6 17. Ne4 b6 18. h4 Be7 19. h5 Qg4 20. Qxg4 Bxg4 21. f4 Bd7 22. Kg2 Rfe8 23. Kf3 Kf8 24. g4 f5 25. gxf5 Bxf5 26. Re2 {Movsesian,S (2680)-Buhmann,R (2596) Minsk 2017 1-0 (36)}) ({RR} 11... Bd6 12. Bxf6 Qxf6 13. Nd2 Bf5 14. Qb3 Rab8 15. Rae1 a6 16. Be4 Bh3 17. Bg2 Bf5 18. Re2 h5 19. Rfe1 h4 20. Ne4 Qh6 21. Qb6 hxg3 22. Qxd6 Qxh2+ 23. Kf1 Bh3 24. Nf6+ Kh8 25. Re5 Qxg2+ 26. Ke2 {Arca,C (2263)-Potapova,M (2226) chess.com INT 2025 0-1 (33)}) 12. Qb3 Nd7 13. Re1 Qa5 $146 ({RR} 13... Nxe5 14. Rxe5 Bd6 15. Re1 Qa5 16. Na3 Rae8 17. Be4 Kh8 18. Nc2 Qd2 19. Qa4 Re7 20. b4 f5 21. Bg2 f4 22. Rxe7 Bxe7 23. Rf1 Qxd3 24. Re1 fxg3 25. hxg3 Bd6 26. Re8 b5 27. Rxf8+ Bxf8 28. cxb5 {Commons,K (2415)-Palatnik,S (2470) Albena 1975 ½-½ (54)}) 14. Na3 Rae8 15. h3 Bf5 16. Nc2 f6 17. Bf4 Qb6 18. Qxb6 Nxb6 19. Rad1 g5 20. Bc1 Bc8 21. b3 Nd7 22. f4 Bd8 23. a3 h6 24. Bf3 Kg7 25. Kf2 f5 26. b4 b6 27. Bc6 Kg6 28. b5 Bc7 29. a4 Bd6 30. Bd2 Rxe1 31. Nxe1 Nf6 32. a5 Rg8 33. axb6 axb6 34. Ra1 Rg7 35. Ra8 Rc7 36. Nf3 g4 37. Ne5+ Kg7 38. hxg4 fxg4 39. Bg2 Bf5 40. Ra6 Nd7 41. Nxd7 Rxd7 42. Be4 Bxe4 43. dxe4 Bc7 44. Ke2 h5 45. Ra8 Bd8 46. Be1 d3+ 47. Ke3 h4 48. gxh4 g3 49. Ra2 Bxh4 50. Bc3+ Kg6 51. Kf3 Bf6 52. e5 Bg7 53. Kg4 Rf7 54. Rf2 Bh6 55. Bd2 Rd7 56. Be3 Rd8 57. Kxg3 Kf5 58. Kf3 d2 59. Rxd2 Rxd2 60. Bxd2 Bf8 61. e6 1-0

[Event "EU-chT (Men) 13th"]
[Site "Leon"]
[Date "2001.11.08"]
[Round "3.1"]
[White "Damljanovic, Branko"]
[Black "Van Wely, Loek"]
[Result "1-0"]
[WhiteElo "2569"]
[BlackElo "2714"]
[Annotator "Horn,Peter"]
[PlyCount "155"]
[EventDate "2001.11.06"]
[EventType "team-swiss"]
[EventRounds "9"]
[EventCountry "ESP"]
[SourceTitle "CBM 086"]
[Source "ChessBase"]
[SourceDate "2002.02.05"]
[SourceVersion "1"]
[SourceVersionDate "2002.02.05"]
[SourceQuality "1"]
[WhiteTeam "Yugoslavia"]
[BlackTeam "Netherlands"]
[WhiteTeamCountry "YUG"]
[BlackTeamCountry "NED"]

1. g3 d5 2. Nf3 g6 3. Bg2 Bg7 4. O-O Nf6 5. d3 O-O 6. c3 Re8 7. Qc2 ({RR} 7. Nbd2 e5 8. e4 dxe4 9. dxe4 b6 10. Nc4 Qxd1 11. Rxd1 Nbd7 12. Bg5 Bb7 13. Bxf6 Nxf6 14. Nfxe5 Nxe4 15. f4 Rad8 16. a4 Bf8 17. Nd7 Rxd7 18. Rxd7 Bc5+ 19. Kf1 Ba6 20. b3 Nf6 21. Rxc7 Ng4 {Hillarp Persson,T (2549)-Nielsen,P (2578) Denmark 2000 ½-½ (40)}) 7... e5 8. e4 h6 (8... Nc6 9. Nbd2 h6 10. Rd1 a5 11. Nf1 Be6 $132 {Sabol,M-Mirumian,V/CZE 1998}) ({RR} 8... c6 9. Re1 Qc7 10. a4 b6 11. Na3 Nbd7 12. exd5 Nxd5 13. Nc4 a5 14. d4 Ba6 15. Ncxe5 Nxe5 16. dxe5 Bxe5 17. Nxe5 Rxe5 18. Bh6 Rae8 19. Qd2 Qe7 20. Rxe5 Qxe5 21. h4 Qh5 22. Bg5 Re2 23. Qd4 {Herrera Reyes,J (2341)-Bethencourt Hernandez,A (1937) San Cristobal de La Laguna ES 2023 1-0}) 9. Nbd2 $146 ({RR} 9. Re1 a5 10. Nbd2 Nc6 11. a4 Be6 12. Rb1 Qd7 13. Nb3 b6 14. Bd2 Rad8 15. Bf1 Bh3 16. Be2 Qe6 17. Rbd1 Rd7 18. Bc1 Red8 19. Nbd2 Qd6 20. Nf1 d4 21. N1d2 Ng4 22. Bf1 Bxf1 23. Nxf1 Qe6 {Narancic,V (2363)-Rade,M (2403) Neum 2004 0-1 (51)}) 9... c5 10. Re1 Nc6 $11 {Schwarz hat keinerlei Probleme.} 11. a3 Be6 12. b3 Rc8 13. Bb2 d4 14. Nc4 Qc7 15. a4 dxc3 16. Bxc3 Nd7 17. Nfd2 b6 18. Ne3 Nb4 ({Ein anderer Weg war} 18... Nd4) 19. Qb1 Rcd8 20. Ndc4 Nb8 ({Sicherer war} 20... Nc6 21. Nd5 $132) 21. Bxb4 {Weiß nutzt die momentan etwas deplazierten schwarzen Figuren zu einem Gegenspiel in der c-Linie.} cxb4 22. Nd5 {[%csl Rb8,Rc7]} Qc5 {anders war der b4 nicht zu decken.} (22... Qd7 23. Nxb4 Nc6 24. Nxc6 Qxc6 25. Rc1 $16) 23. Rc1 Rc8 (23... Nc6 $4 24. Nxe5 $18) 24. Ra2 {[%cal Ya2c2]} Qf8 (24... Na6 25. Rac2 Qf8) 25. Rac2 Nd7 26. Nce3 Rxc2 $2 {Die Preisgabe der c-Linie war anscheinend noch nicht notwendig.} (26... Nc5 27. Rc4 Na6 {und Schwarz hält sich.} (27... a5 $6 28. f4 $36)) 27. Qxc2 $16 Nc5 (27... Rd8 28. Qd2 (28. Qc7 Nc5 29. Qxa7 Nxb3) 28... a5 29. Rc6 Nc5 30. Qc2 $16) 28. a5 Rc8 $2 {Funktioniert taktisch nicht.} (28... Nd7 29. Qc7 $16) 29. axb6 axb6 30. Nxb6 $1 Rb8 (30... Nxb3 31. Qxc8 {Das war Van Wely wohl entgangen.} (31. Nxc8 Nxc1 $17) 31... Bxc8 32. Rxc8 $18) 31. Nbd5 Rc8 32. Nc4 Nd7 33. Qd2 Bxd5 34. exd5 Qc5 35. Re1 Ra8 36. d6 Ra6 37. Bb7 Ra7 38. Bf3 Bf8 39. Qe3 Qxe3 40. Rxe3 Ra6 41. Kg2 Nb6 42. Nxb6 Rxb6 43. d7 Rd6 44. Bc6 f6 45. f4 Be7 46. Bb5 Kg7 47. fxe5 Rd5 48. exf6+ Kxf6 49. Bc4 Re5 (49... Rxd7 50. Re6+ Kg7) 50. Rf3+ Rf5 51. d4 Rxf3 52. Kxf3 Bd8 53. Ke4 Ke7 54. Bb5 Kd6 55. Kd3 Kc7 56. Kc4 Be7 57. Kd5 h5 58. Ke6 Kd8 59. d5 h4 60. gxh4 Bxh4 61. h3 g5 62. Kf5 Ke7 63. Kg4 Kd8 64. d6 Be1 65. Kxg5 Bc3 66. Kf5 Be1 67. Ke6 Bh4 68. Kd5 Bg3 69. Kc6 Bf2 70. Kd5 Bg3 71. Ke4 Bxd6 (71... Be1 72. Kd4 Bh4 73. Kc4 Be1 74. Bc6 $22 $18) 72. h4 Bg3 73. h5 Be1 74. h6 Bc3 75. h7 Ke7 76. Kd5 Bh8 77. Kc6 Be5 78. h8=Q 1-0